España, 1868-1874 : (Record n. 9084)

Dettagli MARC
000 -LEADER
fixed length control field 00905nam a2200241 i 4500
003 - CONTROL NUMBER IDENTIFIER
control field IT-RoINE
005 - DATE AND TIME OF LATEST TRANSACTION
control field 20241218123233.0
008 - FIXED-LENGTH DATA ELEMENTS--GENERAL INFORMATION
fixed length control field 020828s2002 sp | r o||| ||spa d
020 ## - INTERNATIONAL STANDARD BOOK NUMBER
International Standard Book Number 8497180895
040 ## - CATALOGING SOURCE
Original cataloging agency SpMaBN
Transcribing agency IT-RoINE
Modifying agency IT-RoINE
245 10 - TITLE STATEMENT
Title España, 1868-1874 :
Remainder of title nuevos enfoques sobre el Sexenio Democrático /
Statement of responsibility, etc Rafael Serrano García (dir.).
260 ## - PUBLICATION, DISTRIBUTION, ETC. (IMPRINT)
Place of publication, distribution, etc [Valladolid] :
Name of publisher, distributor, etc Consejería de Educación y Cultura, Junta de Castilla y León,
Date of publication, distribution, etc 2002.
300 ## - PHYSICAL DESCRIPTION
Extent 370 p. ;
Dimensions 25 cm.
336 ## - CONTENT TYPE
Source rdacontent
Content type term text
337 ## - MEDIA TYPE
Source rdamedia
Media type term unmediated
338 ## - CARRIER TYPE
Source rdacarrier
Carrier type term volume
490 1# - SERIES STATEMENT
Series statement Estudios de historia
504 ## - BIBLIOGRAPHY, ETC. NOTE
Bibliography, etc Bibliografía. p. [363]-368
651 #4 - SUBJECT ADDED ENTRY--GEOGRAPHIC NAME
Geographic name España
General subdivision Historia
Chronological subdivision 1868-1874 (Sexenio revolucionario)
General subdivision Historiografía
9 (RLIN) 69727
700 1# - ADDED ENTRY--PERSONAL NAME
Personal name Serrano Garcia, Rafael,
Titles and other words associated with a name 1947-
9 (RLIN) 7229
830 #0 - SERIES ADDED ENTRY--UNIFORM TITLE
Uniform title Estudios de historia (Junta de Castilla y León)
9 (RLIN) 12838
942 ## - ADDED ENTRY ELEMENTS (KOHA)
Item type Monografías
Dati di copia
Withdrawn status Lost status Damaged status Not for loan Home library Current library Date acquired Inventory number Total Checkouts Full call number Barcode Date last seen Price effective from Koha item type
        Iglesia Nacional Española en Roma Iglesia Nacional Española en Roma 29/04/2015 R06/244   HIS.ESP.4. 925 12822 29/04/2015 29/04/2015 Monografías